MARC details
| 000 -CABECERA |
| campo de control de longitud fija |
03453nam a2200313 a 4500 |
| 003 - IDENTIFICADOR DEL NÚMERO DE CONTROL |
| campo de control |
OSt |
| 005 - FECHA Y HORA DE LA ÚLTIMA TRANSACCIÓN |
| campo de control |
20251111103520.0 |
| 007 - CAMPO FIJO DE DESCRIPCIÓN FÍSICA--INFORMACIÓN GENERAL |
| campo de control de longitud fija |
cr ||||||a|c|a |
| 008 - DATOS DE LONGITUD FIJA--INFORMACIÓN GENERAL |
| campo de control de longitud fija |
230517s2019 mx a|||fom||| 001 0 spa d |
| 040 ## - FUENTE DE LA CATALOGACIÓN |
| Normas de descripción |
rda |
| 100 1# - ENTRADA PRINCIPAL--NOMBRE DE PERSONA |
| 9 (RLIN) |
187056 |
| Nombre de persona |
Castro Cortes, Miguel Angel |
| 245 10 - MENCIÓN DE TÍTULO |
| Título |
Evaluación de la semilla de quinua (chenopodium quinoa Willd.) almacenada en diferentes temperaturas y empaques / |
| Mención de responsabilidad, etc. |
por Miguel Angel Castro Cortes; director de tesis Agustín de Jesús López Herrera. |
| 264 #1 - PRODUCCIÓN, PUBLICACIÓN, DISTRIBUCIÓN, FABRICACIÓN Y COPYRIGHT |
| Producción, publicación, distribución, fabricación y copyright |
Chapingo, México : |
| Nombre del de productor, editor, distribuidor, fabricante |
El autor, |
| Fecha de producción, publicación, distribución, fabricación o copyright |
2019. |
| 300 ## - DESCRIPCIÓN FÍSICA |
| Extensión |
1 recurso en línea (61 páginas): |
| Otras características físicas |
cuadros, figuras. |
| 336 ## - TIPO DE CONTENIDO |
| Fuente |
rdacontent |
| Término de tipo de contenido |
texto |
| Código de tipo de contenido |
txt |
| 337 ## - TIPO DE MEDIO |
| Fuente |
rdamedia |
| Nombre/término del tipo de medio |
computadora |
| Código del tipo de medio |
c |
| 338 ## - TIPO DE SOPORTE |
| Fuente |
rdacarrier |
| Nombre/término del tipo de soporte |
recurso en línea |
| Código del tipo de soporte |
cr |
| 502 ## - NOTA DE TESIS |
| Tipo de título |
Ingeniero Agrónomo Especialista en Fitotecnia |
| Nombre de la institución que otorga el título |
Departamento de Enseñanza, Investigación y Servicio en Fitotecnia, |
| Año de obtención del título |
2019. |
| 504 ## - NOTA DE BIBLIOGRAFÍA, ETC. |
| Nota de bibliografía, etc. |
Incluye referencias bibliográficas: páginas 47-50. |
| 520 ## - SUMARIO, ETC. |
| Sumario, etc. |
El cultivo de quinua se ha destacado en los últimos años por su importante contenido de proteína y balance en aminoácidos esenciales, pero presenta una dificultad para su conservación como semilla en periodos relativamente cortos, así la fácil perdida de viabilidad es una situación que se requiere estudiar para los programas de mejoramiento genético, por lo que este estudio se enfocó en evaluar su almacenamiento en diferentes temperaturas con envases diferentes. El deterioro en semillas de Quinua, disminuirá a menor temperatura de almacenamiento, y en bolsas de plástico sellado al vacío. Se evaluaron cuatro cultivares (Negra Tlachichuca, Blanca Tlachichuca, Ontifor y Blanca Canadá) después de siete meses de almacenamiento en distintas temperaturas (22°, 10° y -15°C) y empaques (plástico sellado al vacío y celofán sellado). Experimento uno, se comparó porcentajes de germinación después de siete meses de almacenamiento; se analizó estadísticamente con pruebas T de “Student” para muestras independientes, comparando dos fechas de evaluación. Segundo experimento, no se comparan valores de distintas fechas. Se evaluaron tres temperaturas, dos empaques y cuatro cultivares después de siete meses en almacenamiento en las variables porcentaje de plántulas normales, porcentaje de plántulas anormales, porcentaje de semillas duras, longitud de plúmula y radícula. Se observó que disminuye la germinación en todos los tratamientos. En 10°C los cultivares Negra Tlachichuca y Blanca Tlachichuca responden mejor después de siete meses de almacenamiento, Blanca Canadá se conserva mejor en -15°C y Ontifor disminuye significativamente en todos los tratamientos. En general, el tipo de empaque muestra menos diferencias significativas que las temperaturas de almacenamiento sobre porcentaje de germinación, longitud de plúmula y radícula. Almacenadas en 10° y -15°C, las semillas de quinua conservan su germinación, mejor que en temperatura ambiente. Existen diferencias varietales en tipo de envase y en temperatura de almacenamiento. |
| 650 #4 - PUNTO DE ACCESO ADICIONAL DE MATERIA--TÉRMINO DE MATERIA |
| 9 (RLIN) |
187057 |
| Término de materia o nombre geográfico como elemento de entrada |
Chenopodium quinoa |
| Subdivisión general |
Semillas |
| -- |
Preservación |
| 650 #4 - PUNTO DE ACCESO ADICIONAL DE MATERIA--TÉRMINO DE MATERIA |
| 9 (RLIN) |
112222 |
| Término de materia o nombre geográfico como elemento de entrada |
Temperatura |
| Subdivisión general |
Efecto en semillas |
| 650 #4 - PUNTO DE ACCESO ADICIONAL DE MATERIA--TÉRMINO DE MATERIA |
| 9 (RLIN) |
163490 |
| Término de materia o nombre geográfico como elemento de entrada |
Semillas |
| Subdivisión general |
Variedades |
| 650 #4 - PUNTO DE ACCESO ADICIONAL DE MATERIA--TÉRMINO DE MATERIA |
| 9 (RLIN) |
103903 |
| Término de materia o nombre geográfico como elemento de entrada |
Semillas |
| Subdivisión general |
Germinación |
| 650 #4 - PUNTO DE ACCESO ADICIONAL DE MATERIA--TÉRMINO DE MATERIA |
| 9 (RLIN) |
103881 |
| Término de materia o nombre geográfico como elemento de entrada |
Semillas |
| Subdivisión general |
Calidad |
| 700 0# - PUNTO DE ACCESO ADICIONAL--NOMBRE DE PERSONA |
| 9 (RLIN) |
67981 |
| Nombre de persona |
López Herrera, Agustín de Jesús |
| Término indicativo de función/relación |
director. |
| 856 ## - LOCALIZACIÓN Y ACCESO ELECTRÓNICOS |
| Identificador Uniforme del Recurso |
http://10.13.5.2/tesis/tl/Tesis-Castro_Cortes_Miguel_Angel-Fitotecnia-Noviembre_2019.pdf |
| Nota pública |
DESCARGAR PDF |
| 942 ## - ELEMENTOS DE PUNTO DE ACCESO ADICIONAL (KOHA) |
| Fuente del sistema de clasificación o colocación |
Clasificación Universidad Autónoma Chapingo |
| Tipo de ítem Koha |
Tesis digital |